000 00346nam a2200121 a 4500
005 20140414132118.0
008 101021s19uu xx 00 eng d
050 _aER
_bM99 1989
100 _aBlackwood, Alan
245 _aMy best book of rhymes /
_ccompiled by Alan Blackwood.
260 _aEngland :
_bAward Publications,
_c1984.
999 _c114978
_d114978